Outline of money (Record no. 1091)

MARC details
000 -LEADER
fixed length control field 00413cam a2200169ua 4500
008 - FIXED-LENGTH DATA ELEMENTS--GENERAL INFORMATION
fixed length control field 110611n ii |||gr||||Z||||||eng
040 ## - CATALOGING SOURCE
Transcribing agency MAIN
082 ## - DEWEY DECIMAL CLASSIFICATION NUMBER
Classification number 332.4
245 10 - TITLE STATEMENT
Title Outline of money
Statement of responsibility, etc. by Geoffrey Crowther
260 ## - PUBLICATION, DISTRIBUTION, ETC.
Place of publication, distribution, etc. New Delhi:
Name of publisher, distributor, etc. Universal book stall,985.
300 ## - PHYSICAL DESCRIPTION
Extent xiii, 417p.:
Dimensions 25cm.
700 1# - ADDED ENTRY--PERSONAL NAME
Personal name Crowther, Geoffrey.,
942 ## - ADDED ENTRY ELEMENTS (KOHA)
Koha item type Books
653 ## - INDEX TERM--UNCONTROLLED
Uncontrolled term Economics
653 ## - INDEX TERM--UNCONTROLLED
Uncontrolled term Money
Holdings
Withdrawn status Lost status Damaged status Not for loan Home library Current library Shelving location Date acquired Total Checkouts Full call number Barcode Date last seen Date last checked out Copy number Price effective from Koha item type
        Central Library, Naharkatiya College Central Library, Naharkatiya College   19/09/2020 1 332.4 | CRO 2344 26/08/2021 26/08/2021 1 19/09/2020 Books

Naharkatiya College © 2020. All rights reserved.

Powered By